Statistics for New England Patriots 2014-2015 roster

Click here to take the quiz!

General Stats

  • This quiz has been taken 704 times
  • The average score is 12 of 24

Answer Stats

HintAnswer% Correct
QBTom Brady
100%
TERob Gronkowski
94%
WRJulian Edelman
90%
RBLegarrette Blount
78%
LBDont'a Hightower
62%
FSDevin McCourty
61%
FBJames Develin
59%
CBDarrelle Revis
54%
LTNate Solder
54%
DTVince Wilfork
54%
SSPatrick Chung
53%
DEChandler Jones
50%
WRBrandon LaFell
48%
PRyan Allen
48%
LBJamie Collins
47%
CBBrandon Browner
41%
DERob Ninkovich
38%
RTSebastian Vollmer
32%
CBrian Stork
29%
KSteven Gostkowski
24%
RGDan Connolly
15%
LGRyan Wendell
15%
LSDanny Aiken
9%
DTSealver Siliga
9%

Score Distribution

Percentile by Number Answered

Percent of People with Each Score

Your Score History

You have not taken this quiz